[Event "Campionatul National de Sah In"]
[Site "Eforie Nord"]
[Date "2009.02.07"]
[Round "8.9"]
[White "Manea, Alexandru"]
[Black "Gilea, Lucian"]
[Result "1-0"]
[WhiteElo "2409"]
[BlackElo "2279"]
[PlyCount "127"]
[EventDate "2009.02.01"]

1. e4 e6 2. d4 d5 3. Nd2 Nf6 4. e5 Nfd7 5. Bd3 c5 6. c3 Nc6 7. Ne2 cxd4 8. cxd4
f5 9. Nf3 Be7 10. h4 Nb6 11. Kf1 a5 12. Nf4 a4 13. Qe2 Bd7 14. Be3 Nb4 15. Ng5
Bxg5 16. hxg5 Kf7 17. Bxf5 exf5 18. Bd2 Nc6 19. e6+ Kg8 20. exd7 Qxd7 21. Qh5
Nxd4 22. g6 h6 23. Kg1 Qd6 24. Rd1 Nd7 25. Rh3 Nf6 26. Qh4 Re8 27. Rd3 Re4 28.
Rc1 Ne2+ 29. Nxe2 Rxh4 30. Rc8+ Qf8 31. Rxf8+ Kxf8 32. Nf4 Ke7 33. Rd4 Kd7 34.
f3 b5 35. g3 Rxf4 36. Rxf4 Ke6 37. Rb4 Rb8 38. Bc3 Rb7 39. Kf2 Ne8 40. Rh4 Rb6
41. Rd4 Nc7 42. Rd2 Kd7 43. Bxg7 Rxg6 44. Be5 Rc6 45. Ke3 Ke6 46. Bf4 h5 47.
Rh2 Rc4 48. Rxh5 d4+ 49. Kd3 Nd5 50. Rh6+ Kf7 51. Bd2 Nb4+ 52. Bxb4 Rxb4 53.
Rh2 Kf6 54. g4 Kg6 55. Rg2 fxg4 56. fxg4 Kg5 57. Ke4 a3 58. b3 d3+ 59. Kxd3 Rf4
60. Kc3 Re4 61. b4 Re3+ 62. Kd4 Re1 63. Kc5 Rb1 64. Rg3 1-0

[Event "Campionatul National de Sah Individ.  M"]
[Site "Eforie Nord"]
[Date "2009.02.04"]
[Round "5.22"]
[White "Gilea, Lucian"]
[Black "Mihailov, Iulian"]
[Result "1-0"]
[WhiteElo "2279"]
[BlackElo "2083"]
[PlyCount "49"]
[EventDate "2009.02.01"]

1. Nf3 Nf6 2. c4 c5 3. g3 Nc6 4. Bg2 e5 5. O-O d5 6. cxd5 Nxd5 7. Nc3 Be6 8.
Ng5 Qxg5 9. Nxd5 Qd8 10. Nc3 Be7 11. d3 Qd7 12. Qa4 h5 13. Be3 h4 14. Rac1 Bh3
15. Bxh3 Qxh3 16. g4 O-O 17. f3 e4 18. Nxe4 Ne5 19. Nf2 Nxf3+ 20. exf3 Qxf3 21.
Qe4 Qf6 22. g5 Qxb2 23. Qxe7 Rfe8 24. Qxc5 Rad8 25. Rc2 1-0

[Event "Campionatul National de Sah Individ.  M"]
[Site "Eforie Nord"]
[Date "2009.02.06"]
[Round "7.19"]
[White "Gilea, Lucian"]
[Black "Pop, Alexandru"]
[Result "1-0"]
[WhiteElo "2279"]
[BlackElo "1982"]
[PlyCount "59"]
[EventDate "2009.02.01"]

1. d4 Nf6 2. Nf3 e6 3. g3 d5 4. Bg2 Be7 5. b3 O-O 6. Bb2 c5 7. O-O Nc6 8. Nbd2
Qc7 9. dxc5 e5 10. e4 dxe4 11. Ng5 e3 12. fxe3 Bxc5 13. Nc4 Ng4 14. Qd3 g6 15.
h3 b5 16. Qd5 Nb4 17. Qxa8 bxc4 18. hxg4 Bxe3+ 19. Kh2 Bxg5 20. Qe4 f6 21. Ba3
a5 22. c3 Nd3 23. Qd5+ Kg7 24. Bxf8+ Kxf8 25. bxc4 Nc5 26. Rab1 Be6 27. Qa8+
Kg7 28. Bd5 Bxd5 29. Qxd5 e4 30. Rb5 1-0

[Event "Campionatul National de Sah Individ.  M"]
[Site "Eforie Nord"]
[Date "2009.02.08"]
[Round "9.16"]
[White "Gilea, Lucian"]
[Black "Posedaru , Bogdan"]
[Result "1/2-1/2"]
[WhiteElo "2279"]
[BlackElo "2187"]
[PlyCount "109"]
[EventDate "2009.02.01"]

1. d4 d5 2. Nf3 c6 3. Bg5 h6 4. Bh4 Qb6 5. b3 Bf5 6. e3 e6 7. c3 Be7 8. Bxe7
Nxe7 9. Bd3 O-O 10. O-O Nd7 11. Bxf5 Nxf5 12. Nbd2 c5 13. dxc5 Qxc5 14. c4 dxc4
15. Nxc4 Nf6 16. Rc1 Rfd8 17. Qe2 Qb4 18. e4 Nd4 19. Nxd4 Rxd4 20. e5 Ne4 21.
Qf3 Rad8 22. Rfe1 Nd2 23. Nxd2 Rxd2 24. Rf1 Qb6 25. Rcd1 Rxa2 26. Rxd8+ Qxd8
27. Qxb7 Qd5 28. Qb8+ Kh7 29. Qd6 Qxd6 30. exd6 Rd2 31. f3 Rxd6 32. Ra1 Rd7 33.
Kf2 Kg6 34. Ra5 Rd2+ 35. Kg3 Rd7 36. Kf2 Kf6 37. b4 Ke7 38. Ra6 Kd8 39. h4 Kc8
40. Ke3 Kb7 41. Ra2 Kb6 42. Ra5 Rd5 43. Ra2 h5 44. Ke4 g6 45. Ke3 e5 46. g3 f6
47. f4 f5 48. fxe5 Rxe5+ 49. Kf3 a6 50. Rd2 Re6 51. Rd5 Kc6 52. Ra5 Kd7 53. b5
axb5 54. Rxb5 Ke7 55. Ra5 1/2-1/2

[Event "Campionatul National de Sah Individual "]
[Site "Eforie Nord"]
[Date "2009.02.02"]
[Round "2.26"]
[White "Mitrica, Octavian-Dianu"]
[Black "Gilea, Lucian"]
[Result "1/2-1/2"]
[WhiteElo "2048"]
[BlackElo "2279"]
[PlyCount "135"]
[EventDate "2009.02.01"]

1. Nf3 c6 2. e4 g6 3. Bc4 d5 4. exd5 cxd5 5. Bb5+ Bd7 6. Bxd7+ Nxd7 7. d4 Bg7
8. O-O Ngf6 9. Nc3 O-O 10. Re1 e6 11. b3 Qa5 12. Bd2 Rfc8 13. Ne4 Qc7 14. Nxf6+
Nxf6 15. Rc1 b5 16. c4 bxc4 17. bxc4 dxc4 18. Ne5 Qd6 19. Nxc4 Qxd4 20. Be3 Qh4
21. Nd2 a6 22. h3 Nd5 23. Rxc8+ Rxc8 24. Nf3 Qc4 25. Qb3 Qxb3 26. axb3 Rc3 27.
Rc1 Nxe3 28. Rxc3 Bxc3 29. fxe3 Kf8 30. Kf2 Ke7 31. Ke2 f5 32. Kd3 Bf6 33. e4
fxe4+ 34. Kxe4 Kd6 35. Ne1 Kc5 36. Nd3+ Kb5 37. g4 a5 38. Kf4 Bd4 39. Ke4 Bc3
40. Kf4 Kc6 41. Ke4 Kd6 42. Nf4 Ke7 43. Kd3 Be5 44. Ne2 Kd6 45. Ke4 Bb2 46. Nf4
Ke7 47. Nd3 Bc3 48. Nf4 Bd2 49. Nd3 Kf6 50. Ne5 Bc3 51. Nf3 Bb4 52. Kf4 Bd6+
53. Ke4 h5 54. gxh5 gxh5 55. Nd2 Bc7 56. Nf3 Bg3 57. Nd4 e5 58. Nc6 Kg5 59.
Nxa5 Kh4 60. b4 Be1 61. Nc6 Kxh3 62. b5 Bf2 63. Nxe5 Kg3 64. Ng6 Ba7 65. Kf5
Be3 66. b6 Bxb6 67. Kg5 h4 68. Nxh4 1/2-1/2

[Event "Campionatul National de Sah Individual "]
[Site "Eforie Nord"]
[Date "2009.02.02"]
[Round "3.20"]
[White "Gilea, Lucian"]
[Black "Constantin, Dragos-Georgian"]
[Result "1-0"]
[WhiteElo "2279"]
[BlackElo "2054"]
[PlyCount "21"]
[EventDate "2009.02.01"]

1. d4 Nf6 2. Nf3 e6 3. Bg5 Be7 4. Nbd2 d5 5. e3 Nbd7 6. Bd3 c5 7. c3 b6 8. Qa4
O-O 9. Ne5 Nxe5 10. dxe5 Nd7 11. Qh4 1-0

[Event "Festivalul International Siciliana 2009"]
[Site "MyTown"]
[Date "2009.09.06"]
[Round "3.1"]
[White "Gilea, Lucian"]
[Black "Dumitrache, Dragos Nicolae"]
[Result "1/2-1/2"]
[WhiteElo "2278"]
[BlackElo "2477"]
[Annotator ",eugen"]
[PlyCount "133"]
[EventDate "2009.??.??"]

1. d4 d6 2. Nf3 Bg4 3. Nbd2 e6 4. g3 Nf6 5. Bg2 Nbd7 6. c3 c6 7. e4 d5 8. Qe2
dxe4 9. Nxe4 Be7 10. O-O O-O 11. h3 Bxf3 12. Qxf3 Nxe4 13. Qxe4 Qb6 14. Qc2 Nf6
15. Re1 Rfe8 16. Bg5 h6 17. Bxf6 Bxf6 18. Rad1 a5 19. a4 Rad8 20. Re2 Re7 21.
Bf3 g6 22. Kg2 Kg7 23. h4 h5 24. Kg1 Red7 25. Red2 Rd6 26. Kg2 R8d7 27. Be4 Be7
28. Bf3 Bf6 29. Rd3 Kg8 30. Be4 Bg7 31. Bf3 Bf6 32. Be4 Qd8 33. f4 Qb6 34. Bf3
Kg7 35. Be4 Bd8 36. Bf3 Be7 37. Be4 Rd8 38. Bf3 R6d7 39. Be4 Bd6 40. Bf3 Bb8
41. Be4 Ba7 42. Bf3 Qc7 43. Be4 c5 44. dxc5 Bxc5 45. Rxd7 Rxd7 46. Rd3 b6 47.
Qd2 Rxd3 48. Qxd3 f5 49. Bf3 e5 50. fxe5 Qxe5 51. Qd7+ Kh6 52. Qd2+ Kh7 53.
Qd7+ Be7 54. Qd5 Qe3 55. Qd4 Qxd4 56. cxd4 Bf6 57. d5 Bxb2 58. d6 Kg7 59. d7
Bf6 60. Bc6 Bd8 61. Kf3 Kf6 62. Bb5 Ke5 63. Ke3 Bc7 64. Bc6 Kd6 65. Bb5 Bd8 66.
Kf3 Ke5 67. Ke3 1/2-1/2

[Event "Festivalul International Siciliana 2009"]
[Site "MyTown"]
[Date "2009.09.08"]
[Round "5.5"]
[White "Gilea, Lucian"]
[Black "Prodileanu, Adrian"]
[Result "1/2-1/2"]
[WhiteElo "2278"]
[BlackElo "2151"]
[PlyCount "71"]
[EventDate "2009.??.??"]

1. d4 Nf6 2. Nf3 e6 3. g3 c5 4. c3 Nc6 5. Bg2 Qb6 6. O-O d5 7. a4 cxd4 8. Nxd4
Nxd4 9. cxd4 Be7 10. a5 Qa6 11. Nc3 O-O 12. Qb3 Bd7 13. Bg5 Rfe8 14. Rfd1 Rac8
15. Bxf6 Bxf6 16. e4 Qc4 17. Qxc4 Rxc4 18. exd5 exd5 19. Nxd5 Bd8 20. Nc3 Rb4
21. Rd2 Bg5 22. f4 Bf6 23. Rad1 Bd8 24. Ra1 Bf6 25. Nd5 Bxd4+ 26. Kh1 Ra4 27.
Rc1 Bc6 28. a6 Kf8 29. Nc7 Rc4 30. Ra1 Bxg2+ 31. Kxg2 Rxc7 32. Rxd4 Re2+ 33.
Kh3 Rxb2 34. axb7 Rbxb7 35. Re1 g6 36. Re2 1/2-1/2

[Event "SuperLiga-ROM"]
[Site "Eforie Nord ROM"]
[Date "2008.09.02"]
[Round "2.1"]
[White "Gilea, Lucian"]
[Black "Jianu, Vlad Cristian"]
[Result "0-1"]
[WhiteElo "2289"]
[BlackElo "2522"]
[PlyCount "94"]
[EventDate "2008.09.01"]
[EventRounds "9"]
[EventCountry "ROM"]

1. d4 Nf6 2. Nf3 g6 3. Bf4 Bg7 4. e3 d6 5. h3 O-O 6. Be2 c5 7. c3 b6 8. O-O Bb7
9. Nbd2 Nbd7 10. Qc2 Rc8 11. Rfd1 cxd4 12. exd4 Nd5 13. Bh2 Bh6 14. Nf1 Nf4 15.
Bxf4 Bxf4 16. Qa4 Rc7 17. d5 Bh6 18. Nd4 a6 19. Nc6 Bxc6 20. dxc6 Nc5 21. Qh4
Bg7 22. Bf3 e6 23. Qb4 b5 24. Ne3 Qe7 25. Rac1 Rb8 26. c4 Rcc8 27. b3 h5 28.
Qe1 Be5 29. Rc2 b4 30. Qe2 a5 31. Nf1 a4 32. Nd2 Ra8 33. Rb1 axb3 34. axb3 Ra3
35. Qe3 f5 36. g4 hxg4 37. hxg4 Rc7 38. Kg2 Qf6 39. Rh1 Bd4 40. Qf4 Be5 41. Qe3
Rf7 42. Rh6 Bd4 43. Qf4 Nd3 44. Qxd6 fxg4 45. Rxg6+ Qxg6 46. Be4 Ne1+ 47. Kg3
Bxf2+ 0-1

[Event "SuperLiga-ROM"]
[Site "Eforie Nord ROM"]
[Date "2008.09.03"]
[Round "3.1"]
[White "Kotronias, Vasilios"]
[Black "Gilea, Lucian"]
[Result "1-0"]
[WhiteElo "2574"]
[BlackElo "2289"]
[PlyCount "65"]
[EventDate "2008.09.01"]
[EventRounds "9"]
[EventCountry "ROM"]

1. e4 g6 2. d4 Bg7 3. Nc3 c6 4. Bc4 b5 5. Bb3 d6 6. Qf3 e6 7. Bf4 b4 8. Na4 Na6
9. O-O-O Ne7 10. h4 h6 11. Qg3 d5 12. f3 f6 13. Bd6 Kf7 14. Ne2 Bf8 15. Kb1 Bb7
16. Rde1 Rg8 17. Qh2 Qd7 18. g4 Re8 19. Nc1 Nc8 20. Bxf8 Rgxf8 21. Nd3 Kg7 22.
g5 fxg5 23. h5 Qd6 24. e5 Qe7 25. hxg6 Rh8 26. f4 Nb6 27. Nac5 Nxc5 28. Nxc5
Ref8 29. fxg5 h5 30. Rhf1 Rf5 31. Rxf5 exf5 32. e6 Kxg6 33. Qe5 1-0

[Event "CUPA GALACIUC 2008"]
[Site "?"]
[Date "2008.06.06"]
[Round "2.1"]
[White "Gilea, Lucian"]
[Black "Enoiu, Alexandru Ionut"]
[Result "1/2-1/2"]
[WhiteElo "1291"]
[BlackElo "1156"]
[PlyCount "70"]
[EventDate "2008.06.06"]

1. d4 Nf6 2. Nf3 d5 3. g3 e6 4. Bg2 c5 5. O-O Nc6 6. b3 cxd4 7. Nxd4 Bd6 8. Bb2
O-O 9. Nxc6 bxc6 10. c4 Rb8 11. cxd5 cxd5 12. Nd2 Ba6 13. Nf3 Rc8 14. Ne5 Qe7
15. Bf3 Rc7 16. Rc1 Rfc8 17. Qd2 Bb4 18. Qd4 Rc2 19. Rxc2 Rxc2 20. Ng4 Bc5 21.
Nxf6+ Qxf6 22. Qxf6 gxf6 23. Bxf6 Bxe2 24. Bxe2 Rxe2 25. Rc1 Rxf2 26. Rxc5 Rxf6
27. Ra5 Kf8 28. Rxa7 Ke8 29. b4 d4 30. b5 d3 31. Ra3 Rf3 32. Ra8+ Kd7 33. Ra7+
Kc8 34. Ra8+ Kc7 35. Ra7+ Kc8 1/2-1/2

[Event "CUPA GALACIUC 2008"]
[Site "?"]
[Date "2008.06.06"]
[Round "3.2"]
[White "Lupu, Ovidiu-Jean"]
[Black "Gilea, Lucian"]
[Result "0-1"]
[WhiteElo "1096"]
[BlackElo "1291"]
[PlyCount "87"]
[EventDate "2008.06.06"]

1. d4 Nf6 2. Bg5 Ne4 3. Bf4 c5 4. f3 Nf6 5. dxc5 Na6 6. e4 Nxc5 7. Nc3 d6 8.
Be3 b6 9. Bc4 Be6 10. Bb5+ Bd7 11. Nge2 a6 12. Bxd7+ Ncxd7 13. Qd2 g6 14. Bh6
Qc7 15. Bxf8 Kxf8 16. Qh6+ Kg8 17. g4 e6 18. h4 Ne5 19. Qf4 Kg7 20. Ng3 d5 21.
O-O d4 22. g5 Ne8 23. Nce2 Nc6 24. Qd2 h5 25. f4 Rd8 26. e5 b5 27. Rf3 Qb6 28.
Rd3 Ne7 29. Ne4 Nd5 30. a3 Ne3 31. Nd6 Nc4 32. Qc1 Nexd6 33. exd6 Rxd6 34. Kg2
Rhd8 35. c3 Qc5 36. Qg1 Qf5 37. Rad1 Qe4+ 38. Kf1 dxc3 39. Rxd6 Rxd6 40. Rxd6
Nxb2 41. Nxc3 Qxf4+ 42. Qf2 Qxd6 43. Qxb2 Qd4 44. Ke2 0-1

[Event "CUPA GALACIUC 2008"]
[Site "?"]
[Date "2008.06.06"]
[Round "6.3"]
[White "Gilea, Lucian"]
[Black "Toader, GHEORGHE."]
[Result "1-0"]
[WhiteElo "1291"]
[BlackElo "554"]
[PlyCount "77"]
[EventDate "2008.06.06"]

1. d4 g6 2. g3 c6 3. Bg2 Bg7 4. Nc3 d5 5. Nf3 Qc7 6. O-O Nd7 7. e4 dxe4 8. Nxe4
Ngf6 9. Nc3 O-O 10. Re1 Nb6 11. Qe2 Re8 12. Ne5 Be6 13. Bf4 Nfd5 14. Nxd5 Bxd5
15. Nxf7 e5 16. Nxe5 Qe7 17. h4 Bxg2 18. Kxg2 Nd5 19. Bg5 Qd6 20. Qd2 Re6 21.
Nc4 Qd7 22. Rxe6 Qxe6 23. Re1 Qf7 24. Ne5 Qf5 25. c4 Nf6 26. Qf4 Qe6 27. Bxf6
Bxf6 28. Nf3 Qf7 29. b3 Qg7 30. Re6 Rf8 31. Qe3 Qf7 32. d5 cxd5 33. cxd5 Bd8
34. Ng5 Qf5 35. Re5 Qc2 36. Re8 Bb6 37. Qe6+ Kg7 38. Re7+ Kh6 39. Rxh7# 1-0

[Event "CUPA GALACIUC 2008"]
[Site "?"]
[Date "2008.06.06"]
[Round "7.2"]
[White "Tufa, Mihai"]
[Black "Gilea, Lucian"]
[Result "1/2-1/2"]
[WhiteElo "1094"]
[BlackElo "1291"]
[PlyCount "33"]
[EventDate "2008.06.06"]

1. e4 c6 2. d4 g6 3. f4 Bg7 4. Nf3 d5 5. e5 h5 6. Bd3 Nh6 7. Nh4 Bg4 8. Qd2 Qd7
9. h3 Bf5 10. Nc3 Qe6 11. Ne2 Nd7 12. O-O Nb6 13. Bxf5 Nxf5 14. Nxf5 gxf5 15.
a4 Bh6 16. a5 Nd7 17. Rf3 1/2-1/2

[Event "Finala CNI 2008"]
[Site "?"]
[Date "2008.03.01"]
[Round "8.18"]
[White "Schmidt, Raul"]
[Black "Gilea, Lucian"]
[Result "1-0"]
[WhiteElo "2160"]
[BlackElo "2285"]
[PlyCount "115"]
[EventDate "2008.??.??"]

1. Nf3 Nf6 2. b3 g6 3. Bb2 Bg7 4. e3 O-O 5. Be2 d6 6. d4 Nbd7 7. c4 c6 8. O-O
a6 9. b4 b5 10. Nbd2 Nb6 11. Rc1 d5 12. cxd5 cxd5 13. Ne5 Nc4 14. Ndxc4 bxc4
15. Bf3 Be6 16. Bc3 Qc7 17. Qe2 Bf5 18. Qb2 h5 19. Bd1 Nd7 20. Nxd7 Qxd7 21.
Qa3 Qe6 22. Qb2 h4 23. h3 g5 24. Re1 Bh6 25. Bc2 Bxc2 26. Qxc2 f5 27. Rb1 Rab8
28. Qe2 Rf6 29. f3 g4 30. fxg4 Rg6 31. gxf5 Qxf5 32. Kh1 Qe4 33. Qf3 Qxf3 34.
gxf3 Rg3 35. Rg1 Bxe3 36. Rxg3+ hxg3 37. Kg2 Bf2 38. Rb2 e5 39. Rd2 exd4 40.
Bxd4 Bxd4 41. Rxd4 Rd8 42. Kxg3 c3 43. Kf2 c2 44. Rg4+ Kf7 45. Rg1 d4 46. Ke2
d3+ 47. Kd2 Kf6 48. h4 Rc8 49. h5 Kf5 50. h6 Rc7 51. Rc1 Rd7 52. Rh1 Rc7 53. h7
c1=Q+ 54. Rxc1 Rxh7 55. Kxd3 Kf4 56. Rc6 a5 57. b5 Rh2 58. Rc4+ 1-0

[Event "Finala CNI 2008"]
[Site "Cluj Napoca - ROMANIA"]
[Date "2008.02.26"]
[Round "2.6"]
[White "Gilea, Lucian"]
[Black "Szabo, Gergely-Andras-Gyul"]
[Result "0-1"]
[WhiteElo "2285"]
[BlackElo "2509"]
[PlyCount "48"]
[EventDate "2008.??.??"]

1. d4 g6 2. e4 Bg7 3. g3 d5 4. e5 c5 5. c3 Nc6 6. Bg2 Bf5 7. Ne2 h5 8. Qb3 e6
9. Na3 a6 10. f4 cxd4 11. Nxd4 Nxd4 12. cxd4 b5 13. Bd2 Qb6 14. Rc1 Ne7 15. Be3
Nc6 16. Kf2 Na5 17. Qd1 O-O 18. Nc2 Nc4 19. Nb4 Nxb2 20. Qb3 Nc4 21. a4 bxa4
22. Qc3 Rab8 23. Nd3 Qb3 24. Rhd1 a3 0-1

[Event "Finala CNI 2008"]
[Site "Cluj Napoca - ROMANIA"]
[Date "2008.02.27"]
[Round "4.19"]
[White "Pachia, Mihai"]
[Black "Gilea, Lucian"]
[Result "0-1"]
[WhiteElo "2105"]
[BlackElo "2285"]
[PlyCount "68"]
[EventDate "2008.??.??"]

1. e4 g6 2. d3 Bg7 3. g3 c6 4. Bg2 d5 5. Nd2 e5 6. Ngf3 Ne7 7. O-O O-O 8. c3 a5
9. a4 h6 10. Qe2 Re8 11. b4 axb4 12. cxb4 f5 13. Bb2 fxe4 14. dxe4 d4 15. Qc4+
Kh7 16. b5 Ng8 17. Ne1 Be6 18. Qc2 cxb5 19. axb5 Rxa1 20. Bxa1 Qa5 21. Nd3 Rc8
22. Qb2 Nd7 23. Rc1 Rxc1+ 24. Nxc1 Nc5 25. Bf1 Nf6 26. f3 Nfd7 27. Kf2 h5 28.
f4 Qxd2+ 29. Qxd2 Nxe4+ 30. Ke1 Nxd2 31. Kxd2 e4 32. Ne2 e3+ 33. Ke1 d3 34.
Bxg7 d2+ 0-1

[Event "Finala CNI 2008"]
[Site "Cluj Napoca - ROMANIA"]
[Date "2008.02.28"]
[Round "5.8"]
[White "Gilea, Lucian"]
[Black "Manolache, Marius"]
[Result "1/2-1/2"]
[WhiteElo "2285"]
[BlackElo "2530"]
[PlyCount "160"]
[EventDate "2008.??.??"]

1. d4 Nf6 2. Nf3 d6 3. g3 g6 4. Bg2 Bg7 5. O-O c6 6. Nbd2 d5 7. Ne5 Nbd7 8.
Nxd7 Bxd7 9. c3 O-O 10. e4 Bg4 11. Qe1 Qd7 12. f3 Be6 13. Qe2 b6 14. e5 Ne8 15.
Re1 a5 16. Nf1 Nc7 17. Bf4 c5 18. Be3 cxd4 19. Bxd4 Rab8 20. Red1 f6 21. exf6
exf6 22. Ne3 Rfe8 23. Qf2 Nb5 24. f4 Red8 25. c4 Nxd4 26. cxd5 f5 27. dxe6 Qxe6
28. Rd2 Rd6 29. Rad1 Rbd8 30. b3 b5 31. Kh1 h5 32. Nc2 Nxc2 33. Rxd6 Rxd6 34.
Rxd6 Qxd6 35. Qxc2 h4 36. Qe2 b4 37. gxh4 Qxf4 38. h5 Be5 39. Bd5+ Kg7 40. hxg6
Kxg6 41. Bc4 Kf6 42. Bd3 Qh4 43. Bc4 Qd4 44. Kg2 Qf4 45. Kh1 Qg5 46. Qe1 Qh6
47. Qe2 Qh8 48. Qf2 Qa8+ 49. Qg2 Qe4 50. Qxe4 fxe4 51. Kg2 Bf4 52. h4 Ke5 53.
Kf2 Kd4 54. Ke2 Kc3 55. Bd5 e3 56. Kd1 Bh6 57. h5 Kb2 58. Bc4 Kxa2 59. Kc2 Ka3
60. Bb5 a4 61. bxa4 b3+ 62. Kb1 Kb4 63. Kb2 Bg5 64. Kb1 Bf4 65. Kb2 Be5+ 66.
Kb1 Bg7 67. Kc1 Ka3 68. Kb1 Bh6 69. Ka1 Bf8 70. Kb1 Bg7 71. Kc1 Bc3 72. Kb1 Bg7
73. Kc1 Bh6 74. Kb1 Kb4 75. Kb2 Bf4 76. Kb1 Ka3 77. Bf1 Kb4 78. Bb5 Ka3 79. Ka1
Be5+ 80. Kb1 Bg7 1/2-1/2

[Event "Finala CNI 2008"]
[Site "Cluj Napoca - ROMANIA"]
[Date "2008.02.28"]
[Round "6.15"]
[White "Doros, Radu Marian"]
[Black "Gilea, Lucian"]
[Result "0-1"]
[WhiteElo "1936"]
[BlackElo "2285"]
[PlyCount "56"]
[EventDate "2008.??.??"]

1. e4 g6 2. d4 Bg7 3. Nc3 c6 4. Be3 d5 5. e5 h5 6. f4 Nh6 7. h3 Bf5 8. Nf3 e6
9. Bf2 Bf8 10. Bh4 Be7 11. Bxe7 Qxe7 12. Qd2 a6 13. Be2 Nd7 14. O-O-O O-O-O 15.
Kb1 c5 16. Ng5 Kb8 17. Rdg1 h4 18. Rd1 Rc8 19. Bf3 cxd4 20. Qxd4 Rc4 21. Qe3
Rhc8 22. Rd2 Qb4 23. a3 Qa5 24. Be4 Bxe4 25. Ncxe4 Nf5 26. Qf2 dxe4 27. Rxd7
Rxc2 28. Qe1 Qb5 0-1

[Event "Finala CNI 2008"]
[Site "Cluj Napoca - ROMANIA"]
[Date "2008.02.29"]
[Round "7.9"]
[White "Gilea, Lucian"]
[Black "Jianu, Vlad Cristian"]
[Result "0-1"]
[WhiteElo "2285"]
[BlackElo "2530"]
[PlyCount "56"]
[EventDate "2008.??.??"]

1. d4 Nf6 2. Nf3 g6 3. g3 d5 4. Bg2 Bg7 5. O-O O-O 6. b3 c5 7. Bb2 Ne4 8. Qc1
Nc6 9. dxc5 Nxc5 10. Bxg7 Kxg7 11. Rd1 f6 12. Qe3 Qd6 13. c4 Nb4 14. Na3 e5 15.
cxd5 Nxd5 16. Qd2 Be6 17. Nc4 Qe7 18. Qb2 Rad8 19. Rac1 Kg8 20. b4 Na4 21. Qb3
Ndb6 22. Rxd8 Rxd8 23. Bh3 Bf7 24. e4 Bxc4 25. Rxc4 Nxc4 26. Qxc4+ Kg7 27. Be6
Nb6 28. Qb3 Qd6 0-1

[Event "Galati ROM, Open 2007"]
[Site "Galati ROM"]
[Date "2007.05.13"]
[Round "7"]
[White "Nemeth, Francisc"]
[Black "Gilea, Lucian"]
[Result "1-0"]
[WhiteElo "2430"]
[BlackElo "2266"]
[PlyCount "51"]
[EventDate "2007.05.08"]
[EventType "swiss"]
[EventRounds "9"]
[EventCountry "ROM"]

1. e4 e6 2. d4 d5 3. Nc3 Bb4 4. e5 Qd7 5. a3 Bxc3+ 6. bxc3 b6 7. Qg4 f5 8. Qg3
Ba6 9. Bxa6 Nxa6 10. Ne2 Qf7 11. Qd3 Nb8 12. c4 c6 13. a4 Qd7 14. cxd5 cxd5 15.
a5 b5 16. a6 Qc6 17. Nc3 b4 18. Nb5 Kd7 19. Bd2 Ne7 20. Bxb4 Rc8 21. Bxe7 Kxe7
22. O-O Kf8 23. Rfb1 Nd7 24. Qa3+ Kg8 25. Qe7 Re8 26. Nxa7 1-0

[Event "Grand Prix Open"]
[Site "Galatzi ROM"]
[Date "2007.05.09"]
[Round "2"]
[White "Gilea, Lucian"]
[Black "Szabo, Gergely-Andras-Gyul"]
[Result "0-1"]
[WhiteElo "2266"]
[BlackElo "2512"]
[PlyCount "64"]
[EventDate "2007.05.08"]

1. d4 g6 2. e4 Bg7 3. g3 d5 4. e5 c5 5. c3 Nc6 6. Bg2 cxd4 7. cxd4 Nh6 8. Nc3
Nf5 9. Nge2 e6 10. Bh3 Nce7 11. O-O Bd7 12. g4 Nh4 13. Ng3 f6 14. f4 f5 15.
gxf5 Nhxf5 16. Bxf5 gxf5 17. b3 Qa5 18. Rf3 h5 19. Bd2 Qb6 20. Be1 h4 21. Nge2
Kf7 22. Kh1 Rag8 23. Ng1 Bh6 24. Bxh4 Rg4 25. Bxe7 Kxe7 26. Nge2 Qd8 27. h3 Rg7
28. Qe1 Qe8 29. Qf2 Qh5 30. Rg1 Rg4 31. Rgg3 Bf8 32. Kg2 Qxh3+ 0-1

[Event "Grand Prix Open"]
[Site "?"]
[Date "2007.05.11"]
[Round "?"]
[White "Gilea, Lucian"]
[Black "Iordachescu, Viorel"]
[Result "0-1"]
[WhiteElo "2266"]
[BlackElo "2587"]
[PlyCount "66"]
[EventDate "2007.??.??"]

1. d4 Nf6 2. Nf3 e6 3. Bg5 c5 4. c3 cxd4 5. cxd4 Qb6 6. Qc2 Nc6 7. Bxf6 gxf6 8.
e3 d5 9. Nc3 Bd7 10. Be2 Rc8 11. O-O Na5 12. Rac1 Be7 13. Nd2 O-O 14. Bd3 f5
15. f4 Kh8 16. Nf3 f6 17. Qf2 Rg8 18. Rc2 Qd8 19. Rfc1 a6 20. Nb1 Rxc2 21. Qxc2
b5 22. b3 Nc6 23. a3 Qb8 24. b4 a5 25. bxa5 Nxa5 26. Qc7 Qd8 27. Qa7 Nc4 28. g3
Bc6 29. Kf2 Qd6 30. Bxc4 dxc4 31. a4 Ra8 32. Qc5 Rxa4 33. Nc3 Qc7 0-1

[Event "Campionato rumeno open 2006"]
[Site "Predeal ROM"]
[Date "2006.11.28"]
[Round "2"]
[White "Moldovan , Daniel"]
[Black "Gilea, Lucian"]
[Result "1/2-1/2"]
[WhiteElo "2450"]
[BlackElo "2278"]
[PlyCount "87"]
[EventDate "2006.11.27"]

1. d4 d5 2. c4 c6 3. Nf3 Nf6 4. e3 Bf5 5. Nc3 e6 6. Nh4 Bg6 7. Nxg6 hxg6 8. g3
Nbd7 9. cxd5 exd5 10. Bg2 Bd6 11. O-O O-O 12. Bd2 Re8 13. Qc2 Nf8 14. Rad1 Qd7
15. Bc1 Qf5 16. Qb3 Re7 17. f3 Qh5 18. e4 dxe4 19. Nxe4 Bc7 20. Nxf6+ gxf6 21.
f4 Bb6 22. Kh1 Rd8 23. d5 cxd5 24. Rxd5 Rxd5 25. Qxd5 Qxd5 26. Bxd5 Rd7 27. Bc4
f5 28. Kg2 Nh7 29. Bb5 Rc7 30. Ba4 Nf6 31. Rd1 Rc4 32. Bb3 Re4 33. Kf3 Ng4 34.
Rh1 Nf2 35. Rf1 Ng4 36. Rh1 Nf2 37. Rf1 Nd3 38. Bd2 Nxb2 39. Re1 Nc4 40. Bc3
Nd6 41. Rxe4 fxe4+ 42. Ke2 Nb5 43. Bb2 Bd4 44. a4 1/2-1/2

[Event "Campionato rumeno open 2006"]
[Site "Predeal ROM"]
[Date "2006.11.29"]
[Round "3"]
[White "Gilea, Lucian"]
[Black "Murariu, Andrei"]
[Result "0-1"]
[WhiteElo "2278"]
[BlackElo "2516"]
[PlyCount "50"]
[EventDate "2006.11.27"]

1. c4 e5 2. Nc3 Nf6 3. Nf3 Nc6 4. e3 Be7 5. d4 exd4 6. Nxd4 Nxd4 7. Qxd4 O-O 8.
Be2 Re8 9. O-O Bd6 10. Qh4 Be5 11. Nd5 c6 12. Nf4 h6 13. Nd3 Bc7 14. Bf3 d5 15.
cxd5 cxd5 16. Bd2 Bf5 17. Nc5 Be5 18. Qb4 b6 19. Na4 Ne4 20. Bc3 Bd6 21. Qd4
Be5 22. Qb4 Bd6 23. Qd4 Qg5 24. h4 Qg6 25. Bh5 Nxc3 0-1

[Event "Campionato rumeno open 2006"]
[Site "Predeal ROM"]
[Date "2006.11.30"]
[Round "4"]
[White "Voiteanu, Cristian Gabriel"]
[Black "Gilea, Lucian"]
[Result "1-0"]
[WhiteElo "2218"]
[BlackElo "2278"]
[PlyCount "60"]
[EventDate "2006.11.27"]

1. d4 d5 2. Nf3 c6 3. g3 Nf6 4. Bg2 Bf5 5. O-O Nbd7 6. c4 e6 7. Qb3 Qb6 8. Nc3
Ne4 9. c5 Qxb3 10. axb3 Nxc3 11. bxc3 Be4 12. c4 e5 13. cxd5 Bxd5 14. b4 exd4
15. Nxd4 Bxg2 16. Kxg2 g6 17. Rd1 Bg7 18. Ra3 Ne5 19. f4 Ng4 20. h3 Nf6 21. b5
cxb5 22. Re3+ Kf8 23. Nxb5 Kg8 24. Re7 Rc8 25. Rxb7 Ne4 26. Nxa7 Nxc5 27. Nxc8
Nxb7 28. Rd7 Na5 29. Rd8+ Bf8 30. Bb2 Nc6 1-0

[Event "Techirghiol op"]
[Site "Techirghiol"]
[Date "2006.07.01"]
[Round "1"]
[White "Cartas, Octavian Mihai"]
[Black "Gilea, Lucian"]
[Result "1/2-1/2"]
[WhiteElo "2054"]
[BlackElo "2284"]
[PlyCount "61"]
[EventDate "2006.07.01"]
[EventType "swiss"]
[EventRounds "9"]
[EventCountry "ROM"]
[Source "ChessBase"]
[SourceDate "2006.09.14"]

1. e4 Nc6 2. d4 d5 3. e5 Bf5 4. Nf3 f6 5. Bd3 Qd7 6. Nc3 O-O-O 7. a3 g5 8. exf6
exf6 9. Be3 Nh6 10. Qd2 Ng4 11. O-O-O Na5 12. h3 Nxe3 13. fxe3 Bxd3 14. Qxd3
Nc4 15. e4 c6 16. Nd2 Nxd2 17. Rxd2 dxe4 18. Nxe4 f5 19. Nxg5 Bh6 20. h4 Rhg8
21. Qg3 Qd6 22. Qh3 Qd5 23. Rf1 Bxg5 24. hxg5 Rxg5 25. c3 h5 26. Rdf2 Rf8 27.
Qe3 Rfg8 28. Qd3 Qa2 29. Rxf5 Rxg2 30. Qb1 Qxb1+ 31. Kxb1 1/2-1/2